000 00583nam a22001817a 4500
005 20231128132000.0
008 231128b |||||||| |||| 00| 0 eng d
020 _a0702113026
041 _aEnglish
082 _a340.1 LEW
100 _aLewis, EAL
_lEnglish
245 _aLegal Ethics :
_bA Guide to Professional Conduct for South African Attorneys /
_cEAL Lewis
250 _aFirst Edition
260 _aCape Town :
_bJuta and Company Ltd,
_c1982
300 _bxix, 339 pages ;
_c26 cm.
650 _aLegal practice
_bLaw
942 _cBK
_6ALISON_BN_VRIES
999 _c1015
_d1015